Introductory mycology (Record no. 1392746)

MARC details
000 -LEADER
fixed length control field 00648nam a2200241Ia 4500
005 - DATE AND TIME OF LATEST TRANSACTION
control field 20250508165029.0
008 - FIXED-LENGTH DATA ELEMENTS--GENERAL INFORMATION
fixed length control field 008 250505s9999 xx 000 0 eng d
020 ## - INTERNATIONAL STANDARD BOOK NUMBER
International Standard Book Number 81-215-0572-0
037 ## - SOURCE OF ACQUISITION
Stock number Textual
040 ## - CATALOGING SOURCE
Original cataloging agency FEDL
Language of cataloging eng
Transcribing agency FEDL
041 ## - LANGUAGE CODE
Language code of text/sound track or separate title eng
Source of code eng
084 ## - COLON CLASSIFICATION NUMBER
Classification number 589.2, ALE
Assigning agency FEDL
100 ## - MAIN ENTRY--PERSONAL NAME
Personal name Alexopoulos Constantine J
9 (RLIN) 779758
245 #0 - TITLE STATEMENT
Title Introductory mycology
250 ## - EDITION STATEMENT
Edition statement 3
260 ## - PUBLICATION, DISTRIBUTION, ETC.
Place of publication, distribution, etc. New Delhi, India
Name of publisher, distributor, etc. Wiley Eastern Limited
Date of publication, distribution, etc. 1993
300 ## - PHYSICAL DESCRIPTION
Extent xviii,632p.
365 ## - TRADE PRICE
Price type code INR
Price amount 125
546 ## - LANGUAGE NOTE
Language note MACESE
700 ## - ADDED ENTRY--PERSONAL NAME
Personal name Mims Chales W
9 (RLIN) 779759
942 ## - ADDED ENTRY ELEMENTS (KOHA)
Koha item type Textual
Classification part 589.2, ALE
Holdings
Withdrawn status Lost status Damaged status Not for loan Home library Current library Date acquired Cost, normal purchase price Total Checkouts Full call number Barcode Date last seen Price effective from Koha item type
        Department of Education Library Department of Education Library 2025-05-08 125.00   589.2, ALE EL0086376 2025-05-08 2025-05-08 Textual
Copyright @ Delhi University Library System